<?xml version="1.0" encoding="UTF-8"?>
<record
    xmlns:xsi="http://www.w3.org/2001/XMLSchema-instance"
    xsi:schemaLocation="http://www.loc.gov/MARC21/slim http://www.loc.gov/standards/marcxml/schema/MARC21slim.xsd"
    xmlns="http://www.loc.gov/MARC21/slim">

  <leader>03539nam a22004334a 4500</leader>
  <controlfield tag="001">ebr10270884</controlfield>
  <controlfield tag="003">CaPaEBR</controlfield>
  <controlfield tag="006">m        u        </controlfield>
  <controlfield tag="007">cr cn|||||||||</controlfield>
  <controlfield tag="008">070723s2007    ne      sb    001 0 eng  </controlfield>
  <datafield tag="010" ind1=" " ind2=" ">
    <subfield code="z">  2007030351</subfield>
  </datafield>
  <datafield tag="015" ind1=" " ind2=" ">
    <subfield code="a">GBA773644</subfield>
    <subfield code="2">bnb</subfield>
  </datafield>
  <datafield tag="016" ind1="7" ind2=" ">
    <subfield code="z">013889356</subfield>
    <subfield code="2">Uk</subfield>
  </datafield>
  <datafield tag="020" ind1=" " ind2=" ">
    <subfield code="z">9789004162242 (hardback : alk. paper)</subfield>
  </datafield>
  <datafield tag="020" ind1=" " ind2=" ">
    <subfield code="z">9004162240 (hardback : alk. paper)</subfield>
  </datafield>
  <datafield tag="040" ind1=" " ind2=" ">
    <subfield code="a">CaPaEBR</subfield>
    <subfield code="c">CaPaEBR</subfield>
  </datafield>
  <datafield tag="035" ind1=" " ind2=" ">
    <subfield code="a">(OCoLC)646789641</subfield>
  </datafield>
  <datafield tag="050" ind1="1" ind2="4">
    <subfield code="a">BT109</subfield>
    <subfield code="b">.W44 2007eb</subfield>
  </datafield>
  <datafield tag="082" ind1="0" ind2="4">
    <subfield code="a">231/.044092</subfield>
    <subfield code="2">22</subfield>
  </datafield>
  <datafield tag="100" ind1="1" ind2=" ">
    <subfield code="a">Weedman, Mark.</subfield>
  </datafield>
  <datafield tag="245" ind1="1" ind2="4">
    <subfield code="a">The trinitarian theology of Hilary of Poitiers</subfield>
    <subfield code="h">[electronic resource] /</subfield>
    <subfield code="c">by Mark Weedman.</subfield>
  </datafield>
  <datafield tag="260" ind1=" " ind2=" ">
    <subfield code="a">Leiden ;</subfield>
    <subfield code="a">Boston :</subfield>
    <subfield code="b">Brill,</subfield>
    <subfield code="c">2007.</subfield>
  </datafield>
  <datafield tag="300" ind1=" " ind2=" ">
    <subfield code="a">viii, 219 p.</subfield>
  </datafield>
  <datafield tag="490" ind1="1" ind2=" ">
    <subfield code="a">Supplements to Vigiliae Christianae,</subfield>
    <subfield code="x">0920-623X ;</subfield>
    <subfield code="v">v. 89</subfield>
  </datafield>
  <datafield tag="500" ind1=" " ind2=" ">
    <subfield code="a">Originally presented as the author's dissertation--Marquette University.</subfield>
  </datafield>
  <datafield tag="504" ind1=" " ind2=" ">
    <subfield code="a">Includes bibliographical references (p. [203]-215) and index.</subfield>
  </datafield>
  <datafield tag="505" ind1="0" ind2=" ">
    <subfield code="a">pt. 1. The development and context of Hilary's trinitarian theology: Latin anti-modalism in 'In Matthaeum' -- Regula fidei and "the economy" -- Logos-sarx christology -- The passion of the Son -- The Latin West and the beginning of the Homoian crisis -- Sirmium 357 and the "Homoian plot" -- The first Latin response : Phoebadius of Agen -- The second Latin response : Marius Victorinus -- Hilary's first attempts to engage the Homoians -- Liber adversus Valentem et Ursacium -- De fide -- Hilary, Basil of Ancyra and Sirmium -- Basil of Ancyra and the Creed of Sirmium 357 -- De synodis and Hilary's response to Sirmium 357 -- Sirmium 357 and the Homoiousian anathemas -- The dedication creed, Serdica 343 and Sirmium 357 -- De synodis, part II -- The Nicene Creed -- Hilary to the Homoiousians.</subfield>
  </datafield>
  <datafield tag="505" ind1="8" ind2=" ">
    <subfield code="a">pt. 2. The shape of Hilary's trinitarian theology: Exegeting Scripture -- Strategy 1: polemical exegesis -- Arian, not Homoian -- Polemical exegesis of the Genesis theophanies -- Strategy 2: Philippians 2 as a hermeneutical guide -- The name and birth of God -- Name and birth in De trinitate 7 -- The birth of the Son in Hilary's exegesis of John -- Name and birth in Greek trinitarian theology -- Origen on naming -- Athanasius and the Father of the Son -- Name and birth in the early Homoian controversy -- The incarnation and passion of the Son -- Forma servi-forma dei in De trinitate 9-10 -- The background of Hilary's forma servi-forma dei model -- Philippians 2 in Latin trinitarian theology -- Basil of Ancyra on Philippians 2 -- The passion of the Son in De trinitate 10 -- Eschatology and christology in De trinitate 11 -- The generation of the Son -- Analogy and the infinite nature of God -- Proverbs 8:22 and the eternal generation of the Son.</subfield>
  </datafield>
  <datafield tag="533" ind1=" " ind2=" ">
    <subfield code="a">Electronic reproduction.</subfield>
    <subfield code="b">Palo Alto, Calif. :</subfield>
    <subfield code="c">ebrary,</subfield>
    <subfield code="d">2013.</subfield>
    <subfield code="n">Available via World Wide Web.</subfield>
    <subfield code="n">Access may be limited to ebrary affiliated libraries.</subfield>
  </datafield>
  <datafield tag="600" ind1="0" ind2="0">
    <subfield code="a">Hilary,</subfield>
    <subfield code="c">Saint, Bishop of Poitiers,</subfield>
    <subfield code="d">d. 367?</subfield>
  </datafield>
  <datafield tag="600" ind1="0" ind2="0">
    <subfield code="a">Hilary,</subfield>
    <subfield code="c">Saint, Bishop of Poitiers,</subfield>
    <subfield code="d">d. 367?</subfield>
    <subfield code="t">De trinitate.</subfield>
  </datafield>
  <datafield tag="600" ind1="0" ind2="0">
    <subfield code="a">Hilary,</subfield>
    <subfield code="c">Saint, Bishop of Poitiers,</subfield>
    <subfield code="d">d. 367?</subfield>
    <subfield code="t">In Matthaeum.</subfield>
  </datafield>
  <datafield tag="650" ind1=" " ind2="0">
    <subfield code="a">Trinity</subfield>
    <subfield code="x">History of doctrines</subfield>
    <subfield code="y">Early church, ca. 30-600.</subfield>
  </datafield>
  <datafield tag="650" ind1=" " ind2="0">
    <subfield code="a">Homoousian controversy.</subfield>
  </datafield>
  <datafield tag="655" ind1=" " ind2="7">
    <subfield code="a">Electronic books.</subfield>
    <subfield code="2">local</subfield>
  </datafield>
  <datafield tag="710" ind1="2" ind2=" ">
    <subfield code="a">ebrary, Inc.</subfield>
  </datafield>
  <datafield tag="830" ind1=" " ind2="0">
    <subfield code="a">Supplements to Vigiliae Christianae ;</subfield>
    <subfield code="v">v. 89.</subfield>
  </datafield>
  <datafield tag="856" ind1="4" ind2="0">
    <subfield code="u">http://site.ebrary.com/lib/rucke/Doc?id=10270884</subfield>
    <subfield code="z">An electronic book accessible through the World Wide Web; click to view</subfield>
  </datafield>
  <datafield tag="999" ind1=" " ind2=" ">
    <subfield code="c">7980</subfield>
    <subfield code="d">7980</subfield>
  </datafield>
</record>
